| 000 | 00832cam a22002777a 4500 | ||
|---|---|---|---|
| 003 | CHAP | ||
| 005 | 20220329142401.0 | ||
| 008 | 001023s1990 mx a r 00010 esp d | ||
| 010 | _a82702 | ||
| 011 | _a83674 | ||
| 020 | _a9681808509 | ||
| 035 | _a94189 | ||
| 040 | _cCHAP | ||
| 082 | 0 | 4 |
_a001.6423 _bS8Y |
| 100 | 0 | 0 |
_aStern, Nancy B. _9109698 |
| 245 | 1 | 0 |
_aDiagrama de flujo : _bmanual de lógica para computadoras _c/por Nancy B. Stern |
| 260 |
_aMéxico , D.F. : _bLimusa, _c1978. |
||
| 300 |
_a361 p. : _bilus. ; diagramas |
||
| 590 |
_aBATCH-UPD _b10 _c20130110 _lUCH01 _h0738 |
||
| 590 |
_aCONVERSION _b10 _c20130109 _lUCH01 _h1346 |
||
| 650 | 0 | 4 |
_aDiagramas de flujo. _932400 |
| 901 | _aBK | ||
| 905 | _aMayto villalovos S. | ||
| 942 | _cLIBRO | ||
| 949 |
_a001.6423 S8Y _bBC _cLIBRO _d33724000800611 _eLIBRO _h97928 _i94189 _si |
||
| 999 |
_c82702 _d82702 |
||